Control químico del psílido asiático de los citrícos ( Diaphorinacitri ) en limón persa ( Citrus latifolia ) cultivado en campo abierto, Acateno, Puebla / (Record no. 220125)
[ view plain ]
| 000 -CABECERA | |
|---|---|
| campo de control de longitud fija | 03256nam a22003497a 4500 |
| 003 - IDENTIFICADOR DEL NÚMERO DE CONTROL | |
| campo de control | OSt |
| 005 - FECHA Y HORA DE LA ÚLTIMA TRANSACCIÓN | |
| campo de control | 20240902112547.0 |
| 007 - CAMPO FIJO DE DESCRIPCIÓN FÍSICA--INFORMACIÓN GENERAL | |
| campo de control de longitud fija | cr ||||||a|c|a |
| 008 - DATOS DE LONGITUD FIJA--INFORMACIÓN GENERAL | |
| campo de control de longitud fija | 240829s2023 mx ad||fom||| 001 0 spa d |
| 040 ## - FUENTE DE LA CATALOGACIÓN | |
| Normas de descripción | rda |
| 100 1# - ENTRADA PRINCIPAL--NOMBRE DE PERSONA | |
| Nombre de persona | Martínez Marín, Juan |
| 9 (RLIN) | 189505 |
| 245 10 - MENCIÓN DE TÍTULO | |
| Título | Control químico del psílido asiático de los citrícos ( Diaphorinacitri ) en limón persa ( Citrus latifolia ) cultivado en campo abierto, Acateno, Puebla / |
| Mención de responsabilidad, etc. | por Juan Martínez Marin y Líctor Fabian Martínez Terán; presidente Jaime Alfredo Urzua Soria; secretario Luis Emilio Castillo Márquez; vocal Artemio Rosas Meza; suplente Andrés Bolaños Espinoza; suplente Raciel Hernández Hernández |
| 264 #1 - PRODUCCIÓN, PUBLICACIÓN, DISTRIBUCIÓN, FABRICACIÓN Y COPYRIGHT | |
| Producción, publicación, distribución, fabricación y copyright | Chapingo, México : |
| Nombre del de productor, editor, distribuidor, fabricante | El autor, |
| Fecha de producción, publicación, distribución, fabricación o copyright | 2023. |
| 300 ## - DESCRIPCIÓN FÍSICA | |
| Extensión | 1 recurso en línea (63 páginas): |
| Otras características físicas | Ilustraciones, cuadros, gráficas |
| 336 ## - TIPO DE CONTENIDO | |
| Fuente | rdacontent |
| Término de tipo de contenido | texto |
| Código de tipo de contenido | txt |
| 337 ## - TIPO DE MEDIO | |
| Fuente | rdamedia |
| Nombre/término del tipo de medio | computadora |
| Código del tipo de medio | c |
| 338 ## - TIPO DE SOPORTE | |
| Fuente | rdacarrier |
| Nombre/término del tipo de soporte | recurso en línea |
| Código del tipo de soporte | cr |
| 502 ## - NOTA DE TESIS | |
| Tipo de título | Ingeniero Agrónomo Especialista en Parasitología Agrícola |
| Nombre de la institución que otorga el título | Departamento de Enseñanza, Investigación y Servicio en Parasitología Agrícola, |
| Año de obtención del título | 2023 |
| Información miscelánea | Licenciatura |
| 504 ## - NOTA DE BIBLIOGRAFÍA, ETC. | |
| Nota de bibliografía, etc. | Incluye referencias bibliográficas: páginas 34-42 |
| 520 ## - SUMARIO, ETC. | |
| Sumario, etc. | Diaphorina citri Kuwayama es un psílido polífago, que se alimenta y se reproduce en más de 20 géneros de plantas, ocasionando daños severos en la cantidad y calidad de las cosechas, así como en la mortalidad de árboles de cítricos. El presente estudio se realizó en el municipio de Acateno, Puebla, con el objetivo de evaluar la efectividad biológica de seis insecticidas para el control del Psílido asiático de los cítricos (Diaphorina citri Kuwayama) en el cultivo de limón persa (Citrus latifolia T.) implantado sobre patrón volkameriano. Se implementó un diseño de bloques completos al azar, con cuatro repeticiones y siete tratamientos; se evaluaron los siguientes: Engeo (Thiametoxam + Lambda Cyalotrina) con dosis de 500 mL ha-1, Benevia (Ciantraniliprol) con dosis de 200 mL ha-1, Agrimec (Abamectina) con dosis de 500 mL ha-1, Rogor (Dimetoato) con dosis de 200 mL ha-1, Ovicida + Control (Extracto de Quassia amara) con dosis de 1.0 L ha-1, Escolta (Spinosad) con dosis de 200 mL ha-1y un testigo absoluto. Se midieron en seis momentos, el número de ninfas, el número de adultos y el porcentaje de eficacia de los productos, el cual se calculó con la fórmula de Abbott. Los resultados mostraron diferencias significativas con respecto al control de D. citri observándose un mejor control con los ratamientos Ovicida + Control con dosis de 1.0 L ha-1 (eficacia de 89.85%) y Engeo a dosis de 500 mL ha-1 (eficacia de 76.5%).<br/> |
| 650 #4 - PUNTO DE ACCESO ADICIONAL DE MATERIA--TÉRMINO DE MATERIA | |
| Término de materia o nombre geográfico como elemento de entrada | Insecticidas biológicos |
| Subdivisión general | Aplicación |
| 9 (RLIN) | 137077 |
| 650 #4 - PUNTO DE ACCESO ADICIONAL DE MATERIA--TÉRMINO DE MATERIA | |
| Término de materia o nombre geográfico como elemento de entrada | Insecticidas |
| Subdivisión general | Efecto en limón |
| 9 (RLIN) | 58867 |
| 650 #4 - PUNTO DE ACCESO ADICIONAL DE MATERIA--TÉRMINO DE MATERIA | |
| Término de materia o nombre geográfico como elemento de entrada | Quassia amara como insecticida |
| 9 (RLIN) | 189508 |
| 700 1# - PUNTO DE ACCESO ADICIONAL--NOMBRE DE PERSONA | |
| Nombre de persona | Martínez Terán, Lictor Fabián |
| 9 (RLIN) | 189506 |
| 700 1# - PUNTO DE ACCESO ADICIONAL--NOMBRE DE PERSONA | |
| Nombre de persona | Urzua Soria, Jaime Alfredo |
| 9 (RLIN) | 188351 |
| Código de función/relación | presidente |
| 700 1# - PUNTO DE ACCESO ADICIONAL--NOMBRE DE PERSONA | |
| Nombre de persona | Castillo Márquez, Luis Emilio |
| 9 (RLIN) | 20176 |
| Término indicativo de función/relación | secretario |
| 700 1# - PUNTO DE ACCESO ADICIONAL--NOMBRE DE PERSONA | |
| Nombre de persona | Rosas Meza, Artemio |
| 9 (RLIN) | 100031 |
| Término indicativo de función/relación | vocal |
| 700 0# - PUNTO DE ACCESO ADICIONAL--NOMBRE DE PERSONA | |
| Nombre de persona | Bolaños Espinoza, Andrés |
| 9 (RLIN) | 13468 |
| Término indicativo de función/relación | suplente |
| 700 1# - PUNTO DE ACCESO ADICIONAL--NOMBRE DE PERSONA | |
| Nombre de persona | Hernández Hernández, Raciel |
| 9 (RLIN) | 54159 |
| Término indicativo de función/relación | suplente |
| 856 ## - LOCALIZACIÓN Y ACCESO ELECTRÓNICOS | |
| Identificador Uniforme del Recurso | http://10.13.5.2/tesis/tl/1611517-1_Y_1811540-1_MARTINEZ_TERAN_LICTORFABIAN_Y_MARTINEZ_MARIN_JUAN.pdf |
| Nota pública | DESCARGAR PDF |
| 942 ## - ELEMENTOS DE PUNTO DE ACCESO ADICIONAL (KOHA) | |
| Fuente del sistema de clasificación o colocación | Clasificación Universidad Autónoma Chapingo |
| Tipo de ítem Koha | Tesis digital |
| Estado de retiro | Estado de pérdida | Fuente del sistema de clasificación o colocación | Estado dañado | Restricciones de uso | No para préstamo | Código de colección | Localización permanente | Ubicación/localización actual | Ubicación en estantería | Fecha de adquisición | Total de préstamos | Signatura topográfica completa | Fecha visto por última vez | Precio válido a partir de | Tipo de ítem Koha |
|---|---|---|---|---|---|---|---|---|---|---|---|---|---|---|---|
| Clasificación Universidad Autónoma de Chapingo | Préstamo interno | Tesis digitales de Licenciatura | Biblioteca Digital | Biblioteca Digital | En línea | 29/08/2024 | Tesis digital | 29/08/2024 | 29/08/2024 | Tesis digital |
